Comunicación y movimientos sociales / (Record no. 96478)

MARC details
000 -CABECERA
campo de control de longitud fija 00789nam a2200205 a 4500
005 - FECHA Y HORA DE LA ÚLTIMA TRANSACCIÓN
campo de control 20210223124939.0
008 - ELEMENTOS DE LONGITUD FIJA--INFORMACIÓN GENERAL
campo de control de longitud fija 030516s1994 es r 000 0 spa d
020 ## - NÚMERO INTERNACIONAL NORMALIZADO PARA LIBROS
Número Internacional Estándar del Libro 8477890269
035 ## - NÚMERO DE CONTROL DEL SISTEMA
Número de control de sistema UPN01000124299
049 ## - COLECCIÓN
Colección CG
050 #4 - SIGNATURA TOPOGRÁFICA DE LA BIBLIOTECA DEL CONGRESO
Número de clasificación P95.54
Número de documento/Ítem E6.3
111 2# - ASIENTO PRINCIPAL--NOMBRE DE REUNION
Nombre de congreso/reunión o jurisdicción como elemento de entrada Encuentro de Almagro
Fecha del congreso/reunión (1991 :
Sede del congreso/Lugar de la reunión Almagro, Esp.)
245 10 - MENCIÓN DE TÍTULO
Título Comunicación y movimientos sociales /
Mención de responsabilidad, etc. ed. Carmen Caffarel.
260 ## - PUBLICACIÓN, DISTRIBUCIÓN, ETC.
Lugar de publicación, distribución, etc. Almagro, Esp. :
Nombre del editor, distribuidor, etc. Comunicación Intercultural entre España y América Latina :
-- Agencia Española de Cooperación Internacional,
Fecha de publicación, distribución, etc. [1994].
300 ## - DESCRIPCIÓN FÍSICA
Extensión 428 p.
650 #4 - ASIENTO SECUNDARIO DE MATERIA - TERMINO TEMATICO
Término de materia o nombre geográfico como elemento de entrada COMUNICACION -
Subdivisión general ASPECTOS SOCIALES -
Subdivisión geográfica ESPAÑA -
Subdivisión de forma CONGRESOS
9 (RLIN) 11287
650 #4 - ASIENTO SECUNDARIO DE MATERIA - TERMINO TEMATICO
Término de materia o nombre geográfico como elemento de entrada COMUNICACION -
Subdivisión general ASPECTOS SOCIALES -
Subdivisión geográfica AMERICA LATINA -
Subdivisión de forma CONGRESOS
9 (RLIN) 11193
700 1# - ASIENTO SECUNDARIO--NOMBRE DE PERSONAL
Nombre de persona Caffarel, Carmen,
Término indicativo de función/relación ed.
905 ## - TIPO DE MATERIAL
Tipo de material Libro
Holdings
Estado de retiro Estado de pérdida Fuente del sistema de clasificación o colocación Estado dañado No para préstamo Código de colección Localización permanente Ubicación/localización actual Ubicación en estantería Total de préstamos Clasificación Código de barras Fecha visto por última vez Número de copia Tipo de ítem Koha
    Library of Congress Classification     Colección General Bib. Gregorio Torres Quintero Bib. Gregorio Torres Quintero Planta baja 3 P95.54 E6.3 207999 31/12/2020 1 Libro